LEADER 04164 am 22006973u 450 001 9910156520503321 005 20231124235105.0 010 $a3-319-27777-4 024 7 $a10.1007/978-3-319-27777-6 035 $a(CKB)3710000000627476 035 $a(SSID)ssj0001656771 035 $a(PQKBManifestationID)16440451 035 $a(PQKBTitleCode)TC0001656771 035 $a(PQKBWorkID)14987189 035 $a(PQKB)10599753 035 $a(DE-He213)978-3-319-27777-6 035 $a(MiAaPQ)EBC5592491 035 $a(Au-PeEL)EBL5592491 035 $a(OCoLC)944504695 035 $a(oapen)https://directory.doabooks.org/handle/20.500.12854/31135 035 $a(PPN)192772597 035 $a(EXLCZ)993710000000627476 100 $a20160310d2016 u| 0 101 0 $aeng 135 $aurnn#008mamaa 181 $ctxt 182 $cc 183 $acr 200 10$aMicro-, Meso- and Macro-Connectomics of the Brain$b[electronic resource] /$fedited by Henry Kennedy, David C. Van Essen, Yves Christen 205 $a1st ed. 2016. 210 $aCham$cSpringer Nature$d2016 210 1$aCham :$cSpringer International Publishing :$cImprint: Springer,$d2016. 215 $a1 online resource (X, 166 p. 32 illus., 28 illus. in color.) 225 1 $aResearch and Perspectives in Neurosciences,$x0945-6082 300 $aBibliographic Level Mode of Issuance: Monograph 311 $a3-319-27776-6 327 $aParcellations and connectivity patterns in human and macaque cerebral cortex -- Nanoconnectomics -- Inhibitory cell cypes, circuits and receptive fields in mouse visual cortex -- Form meets function in the brain: observing the activity and structure of specific neural connections -- The network for intracortical communication in mouse visual cortex -- The brain in space -- In-vivo connectivity in monkeys -- Connectome networks: from cells to systems -- Intra- and Inter-hemispheric connectivity supporting hemispheric specialization -- Genetics of the connectome and the ENIGMA project. 330 $aThis book has brought together leading investigators who work in the new arena of brain connectomics. This includes ?macro-connectome? efforts to comprehensively chart long-distance pathways and functional networks; ?micro-connectome? efforts to identify every neuron, axon, dendrite, synapse, and glial process within restricted brain regions; and ?meso-connectome? efforts to systematically map both local and long-distance connections using anatomical tracers. This book highlights cutting-edge methods that can accelerate progress in elucidating static ?hard-wired? circuits of the brain as well as dynamic interactions that are vital for brain function. The power of connectomic approaches in characterizing abnormal circuits in the many brain disorders that afflict humankind is considered. Experts in computational neuroscience and network theory provide perspectives needed for synthesizing across different scales in space and time. Altogether, this book provides an integrated view of the challenges and opportunities in deciphering brain circuits in health and disease. 410 0$aResearch and Perspectives in Neurosciences,$x0945-6082 606 $aNeurosciences 606 $aNeurology  606 $aNeurosciences$3https://scigraph.springernature.com/ontologies/product-market-codes/B18006 606 $aNeurology$3https://scigraph.springernature.com/ontologies/product-market-codes/H36001 610 $aNeurosciences 610 $aNeurology 615 0$aNeurosciences. 615 0$aNeurology . 615 14$aNeurosciences. 615 24$aNeurology. 676 $a612.8 700 $aKennedy$b Henry$4edt$01356422 702 $aKennedy$b Henry$4edt$4http://id.loc.gov/vocabulary/relators/edt 702 $aVan Essen$b David$4edt$4http://id.loc.gov/vocabulary/relators/edt 702 $aChristen$b Yves$4edt$4http://id.loc.gov/vocabulary/relators/edt 801 0$bMiAaPQ 801 1$bMiAaPQ 801 2$bMiAaPQ 906 $aBOOK 912 $a9910156520503321 996 $aMicro-, Meso- and Macro-Connectomics of the Brain$93360941 997 $aUNINA LEADER 02522 am 2200505 n 450 001 9910495904603321 005 20240104030655.0 010 $a2-7535-4935-4 024 7 $a10.4000/books.pur.25823 035 $a(CKB)4340000000013258 035 $a(FrMaCLE)OB-pur-25823 035 $a(PPN)19836783X 035 $a(EXLCZ)994340000000013258 100 $a20160622j|||||||| ||| 0 101 0 $afre 135 $auu||||||m|||| 200 03$aLa France et la Russie$eRegards diplomatiques (xviie-xxie siècle)$fLaurent Jalabert 210 $aRennes$cPresses universitaires de Rennes$d2015 215 $a1 online resource (119 p.) 311 $a2-7535-1976-5 330 $aLe dossier présenté est la restitution d'une partie des communications présentées lors d'une journée d'études franco-russe qui s'est tenue à l'université de Nantes le jeudi 28 mai 2009 dans le cadre d'une coopération entre le Centre de Recherche en Histoire Internationale et Atlantique et l'Institut d'histoire et des Archives de l'université RGGU de Moscou. Les travaux développés sont centrés sur les relations diplomatiques entre la France et la Russie depuis l'origine de leur développement au xviie siècle jusqu'à nos jours. Sans prétendre à l'exhaustivité, ce numéro de la revue « Enquêtes et Documents » s'évertue à fixer des moments originaux, jusqu'alors peu abordés par l'historiographie des relations bilatérales entre les deux pays. Les articles scientifiques sont complétés par la publication de documents venant notamment du Centre des Archives Diplomatiques de Nantes, dont l'apport s'est avéré indispensable pour le développement de ces recherches. 606 $aInternational Relations 606 $aFrance 606 $aRussie 606 $adiplomatie 606 $arelations internationales 615 4$aInternational Relations 615 4$aFrance 615 4$aRussie 615 4$adiplomatie 615 4$arelations internationales 700 $aBezborodov$b Alexandre B$01456165 701 $aCoudreau$b Marin$01456166 701 $aLaurent$b Jalabert$01456167 701 $aMarsaud$b Virginie$01456168 701 $aN.anskoï$b Grigori$01456169 701 $aSchnakenbourg$b Éric$01275546 701 $aSoulard$b Gwénolé$01456170 701 $aTessier$b Claire$01456171 701 $aJalabert$b Laurent$01281612 801 0$bFR-FrMaCLE 906 $aBOOK 912 $a9910495904603321 996 $aLa France et la Russie$93657565 997 $aUNINA